[Event "Tom Weston Major op"]
[Site "Cardiff"]
[Date "2009.04.13"]
[Round "6"]
[White "Gozdz, Rafal"]
[Black "Elworthy, William"]
[Result "0-1"]
[WhiteElo "1811"]
[BlackElo "1677"]
[PlyCount "74"]
[EventDate "2009.04.10"]
[EventType "swiss"]
[EventRounds "7"]
[EventCountry "WLS"]
[SourceTitle "EXT 2011"]
[Source "ChessBase"]
[SourceDate "2010.11.26"]
[SourceVersion "1"]
[SourceVersionDate "2010.11.26"]
[SourceQuality "1"]

1. e4 d5 2. e5 Bf5 3. d3 e6 4. f4 c5 5. c3 Nc6 6. Nf3 Bg4 7. Be2 Nge7 8. Na3 Nf5 9. Nc2 Bxf3 10. Bxf3 Be7 11. 0-0 g6 12. Bd2 h5 13. g3 Qd7 14. a4 b6 15. Rb1 a5 16. Qe2 Rd8 17. Rf2 Rc8 18. Kh1 Bf8 19. Ne3 Nce7 20. Rg1 Nxe3 21. Bxe3 Nf5 22. c4 d4 23. Bc1 Qxa4 24. Be4 Qd7 25. Bd2 Be7 26. h3 Kd8 27. Rh2 h4 28. gxh4 Bxh4 29. Bxf5 exf5 30. Be1 Qc6+ 31. Rgg2 Kc7 32. Bxh4 Rxh4 33. Qe1 Rxf4 34. Kg1 Rh8 35. Re2 Kd7 36. h4 Rg4+ 37. Kf1 Qf3+ 0-1

[Event "Tom Weston Major op"]
[Site "Cardiff"]
[Date "2009.04.11"]
[Round "2"]
[White "Gozdz, Rafal"]
[Black "Howells, S Wyn"]
[Result "1-0"]
[WhiteElo "1811"]
[BlackElo "1547"]
[PlyCount "100"]
[EventDate "2009.04.10"]
[EventType "swiss"]
[EventRounds "7"]
[EventCountry "WLS"]
[SourceTitle "EXT 2011"]
[Source "ChessBase"]
[SourceDate "2010.11.26"]
[SourceVersion "1"]
[SourceVersionDate "2010.11.26"]
[SourceQuality "1"]

1. e4 c5 2. f4 g6 3. Nf3 Nc6 4. d3 Bg7 5. Be2 d6 6. c3 Qc7 7. Na3 a6 8. Nc2 Bg4 9. 0-0 Nf6 10. Ne3 h5 11. Bd2 Bh6 12. Ng5 e6 13. b4 Ke7 14. bxc5 dxc5 15. h3 Bxe2 16. Qxe2 Nh7 17. Rae1 Kf8 18. Nc4 b5 19. Nb2 Re8 20. Qf2 Nd8 21. Be3 Nb7 22. h4 f5 23. c4 Bg7 24. cxb5 axb5 25. e5 Nxg5 26. hxg5 Kf7 27. Rc1 Bf8 28. Rfd1 Be7 29. a4 Qa5 30. axb5 Qxb5 31. Rb1 Rc8 32. Nc4 Qc6 33. Rb6 Qd5 34. Rdb1 Rc7 35. Nd6+ Nxd6 36. exd6 Bxd6 37. Qb2 e5 38. Qa3 exf4 39. Qa6 Rd8 40. Bf2 f3 41. g3 Re7 42. Rb7 Rdd7 43. Rb8 Re6 44. Qc8 Bxb8 45. Rxb8 Rd8 46. Qxd8 Qxd8 47. Rxd8 Ke7 48. Rd5 Rc6 49. Rxc5 Rxc5 50. Bxc5+ Ke6 1-0

[Event "Tom Weston Major op"]
[Site "Cardiff"]
[Date "2009.04.10"]
[Round "1"]
[White "Probert, Malcolm"]
[Black "Gozdz, Rafal"]
[Result "1-0"]
[WhiteElo "1604"]
[BlackElo "1811"]
[PlyCount "72"]
[EventDate "2009.04.10"]
[EventType "swiss"]
[EventRounds "7"]
[EventCountry "WLS"]
[SourceTitle "EXT 2011"]
[Source "ChessBase"]
[SourceDate "2010.11.26"]
[SourceVersion "1"]
[SourceVersionDate "2010.11.26"]
[SourceQuality "1"]

1. e4 c5 2. Nf3 Nc6 3. d4 cxd4 4. Nxd4 e6 5. Nb5 d6 6. c4 a6 7. N5c3 Nge7 8. Bf4 Ng6 9. Bg3 Be7 10. Be2 0-0 11. 0-0 Qc7 12. Kh1 Nce5 13. b3 Bf6 14. Qe1 b6 15. a3 Bb7 16. Ra2 Rad8 17. f4 Nc6 18. f5 Nge5 19. fxe6 fxe6 20. Bf2 Na7 21. Na4 Nc8 22. Nbc3 Rd7 23. Rc2 Rdf7 24. Nb2 h5 25. Bxh5 g6 26. Be2 Rh7 27. b4 d5 28. Bg3 dxe4 29. c5 bxc5 30. Nc4 Qg7 31. Rxf6 Nxc4 32. Rxf8+ Kxf8 33. Bxc4 Qe7 34. Nxe4 Nb6 35. Nxc5 Nxc4 36. Nxb7 Nxa3 1-0